[Event "Stuttgart-chA"]
[Site "Stuttgart"]
[Date "2003.??.??"]
[Round "?"]
[White "Hartung, Jerry"]
[Black "Berger, Steve"]
[Result "1/2-1/2"]
[WhiteElo "2150"]
[BlackElo "2335"]
[PlyCount "76"]
[EventDate "2003.??.??"]
[EventType "swiss"]
[EventRounds "9"]
[EventCountry "GER"]
[SourceTitle "EXT 2007"]
[Source "ChessBase"]
[SourceDate "2006.11.23"]
[SourceVersion "1"]
[SourceVersionDate "2006.11.23"]
[SourceQuality "1"]

1. e4 c5 2. Nf3 e6 3. d4 cxd4 4. Nxd4 Qb6 5. Nb3 Qc7 6. Nc3 a6 7. Bd3 Nf6 8. 0-0 b5 9. Qe2 b4 10. e5 bxc3 11. exf6 gxf6 12. Be4 Bb7 13. bxc3 Qe5 14. f3 f5 15. Bd3 Qxe2 16. Bxe2 Nc6 17. Rb1 Bg7 18. Nc5 Bc8 19. Na4 0-0 20. Nb6 Rb8 21. Ba3 Re8 22. Bd6 Rxb6 23. Rxb6 Bxc3 24. Kh1 Ba5 25. Rb3 f4 26. Rd1 e5 27. Bc4 Kg7 28. Bd5 Nd4 29. Rb8 Nb5 30. Bc5 Bc7 31. Rxc8 Rxc8 32. Bb7 Rb8 33. Bxa6 Nc3 34. Ra1 Nxa2 35. g3 Rb2 36. Bd3 Nb4 37. Bxb4 Rxb4 38. Ra7 Bb8 1/2-1/2